| 000 | 00000cam 2200000zi 4500 |
| 001 | 9.881832 |
| 003 | CaOODSP |
| 005 | 20251230104753 |
| 006 | m o d f |
| 007 | cr cn||||||||| |
| 008 | 191108t20192020onc o f000 0 eng d |
| 020 | |a9780660331966 |
| 040 | |aCaOODSP|beng|erda|cCaOODSP |
| 043 | |an-cn--- |
| 045 | |ay1y1 |
| 086 | 1 |aSW21-175/2019E-PDF |
| 245 | 00|aAttitudes related to gender-based violence and #MeToo in Canada - final report / |cprepared for Women and Gender Equality Canada (WAGE). |
| 264 | 1|aOttawa, Ontario : |bWomen and Gender Equality Canada = Femmes et égalité des genres Canada, |c2019. |
| 264 | 4|c©2020 |
| 300 | |a1 online resource (52 pages) + |eexecutive summary (4 pages) |
| 336 | |atext|btxt|2rdacontent |
| 337 | |acomputer|bc|2rdamedia |
| 338 | |aonline resource|bcr|2rdacarrier |
| 500 | |aIssued also in French under title: Attitudes à l'égard de la violence fondée sur le sexe et la campagne #MoiAussi au Canada - rapport final. |
| 500 | |a"Supplier name: Earnscliffe Strategy Group." |
| 500 | |a"Contract number: 1W001-180236/001/CY." |
| 500 | |a"Registration number: POR-080-18." |
| 500 | |a"July 2019." |
| 500 | |aIssued also in HTML format. |
| 650 | 0|aRape|zCanada|xPublic opinion. |
| 650 | 0|aSexual harassment|zCanada|xPublic opinion. |
| 650 | 0|aSocial justice|zCanada|xPublic opinion. |
| 650 | 0|aPublic opinion|zCanada. |
| 710 | 1 |aCanada. |bWomen and Gender Equality Canada. |
| 710 | 2 |aEarnscliffe Strategy Group. |
| 775 | 08|tAttitudes à l'égard de la violence fondée sur le sexe et la campagne #MoiAussi au Canada - rapport final / |w(CaOODSP)9.881833 |
| 856 | 40|qPDF|s1.32 MB|uhttps://publications.gc.ca/collections/collection_2020/fegc-wage/SW21-175-2019-eng.pdf|z(final report) |
| 856 | 40|qPDF|s766 KB|uhttps://publications.gc.ca/collections/collection_2020/fegc-wage/SW21-175-2019-1-eng.pdf|z(executive summary) |
| 856 | 4 |qHTML|sN/A|uhttps://epe.lac-bac.gc.ca/100/200/301/pwgsc-tpsgc/por-ef/women_gender_equality_Canada/2020/080-18-e/080-18-e.html|z(final report) |
| 856 | 4 |qHTML|sN/A|uhttps://epe.lac-bac.gc.ca/100/200/301/pwgsc-tpsgc/por-ef/women_gender_equality_Canada/2020/080-18-e/summary/080-18-summary-e.html|z(executive summary) |